| 000 | 00550nam a2200205Ia 4500 | ||
|---|---|---|---|
| 003 | OSt | ||
| 005 | 20251210102226.0 | ||
| 008 | 250729s1988 xx 000 0 und d | ||
| 020 | _a81-7531-044-8 | ||
| 040 | _cAL | ||
| 041 | _akan | ||
| 082 | _a373.11 SAHJ | ||
| 100 |
_aಸಹಸ್ರಬುದ್ಧೆ ಪ್ರ ಗ _9226500 |
||
| 245 | _aಜೀವನ ಮೌಲ್ಯಗಳು | ||
| 260 |
_aಬೆಂಗಳೂರು _c1988 |
||
| 300 | _a143p | ||
| 650 |
_aValue Education _9226501 |
||
| 700 |
_aRao Digumurthi _9226502 |
||
| 942 |
_2ddc _cBED |
||
| 999 |
_c237320 _d237320 |
||